000 00855nam a2200181Ia 4500
008 090630s9999 xx 000 0 und d
082 _b28704
100 _aवरखेडे मंगला.
245 _aस्त्रियांचे कथालेखन - नवी दृष्टी; नवी शैली.
_cवरखेडे मंगला.
260 _bसाकेत - औरंगाबाद.
_c2005
300 _a300
600 _aवरखेडे मंगला.
630 _aस्त्रियांचे कथालेखन - नवी दृष्टी; नवी शैली.
655 _aलघुकथा.
700 _aवरखेडे मंगला.
730 _aस्त्रियांचे कथालेखन - नवी दृष्टी; नवी शैली.
942 _cBOOK
999 _c280560
_d280560